LEADER 01078nam0 2200313 450 001 000026529 005 20100331125355.0 100 $a20090827d1934----km-y0itay50------ba 101 0 $aita 102 $aIT 200 1 $aArringhe$fMattia Limoncelli$g[prefazione Domenico Galdi] 210 $aNapoli$c<> Toga$d1934 215 $a285 p.$d25 cm. 300 $aSul frontespizio e sulla copertina: Sergio de Pilato, giugno 934, XII 300 $aLire dodici 600 1$aLimoncelli,$bMattia$xOrazioni forensi 606 1 $aDifese penali 676 $a345.4505044$v(21. ed.)$9Difesa. Italia 700 1$aLimoncelli,$bMattia$08856 702 1$aGaldi,$bDomenico 801 0$aIT$bUniversità della Basilicata - B.I.A.$gRICA$2unimarc 912 $a000026529 996 $aArringhe$990235 997 $aUNIBAS BAS $aLETTERE CAT $aTTM$b30$c20090827$lBAS01$h1122 CAT $aATR$b20$c20100331$lBAS01$h1253 FMT Z30 -1$lBAS01$LBAS01$mBOOK$1BASA1$APolo Storico-Umanistico$2FDEP2$BFondo De Pilato Biscione$3FD/108586$6108586$5L108586$820090827$f52$FRari LEADER 01709nam 2200361 n 450 001 996384929503316 005 20200818214246.0 035 $a(CKB)4940000000071326 035 $a(EEBO)2240882625 035 $a(UnM)ocm99883312e 035 $a(UnM)99883312 035 $a(EXLCZ)994940000000071326 100 $a19930407d1659 uy 101 0 $aeng 135 $aurbn||||a|bb| 200 12$aA short, legal, medicinal, usefull, safe, easie prescription, to recover our kingdom, Church, nation from their present dangerous, distractive, destructive confusion, and worse than Bedlam madnesse;$b[electronic resource] $eseriously recommended to all English freemen who desire peace, safety, liberty, settlement. /$fBy William Prynne, Esq; a bencher of Lincolns Inne 210 $aLondon $cprinted, and are to be sold by Edward Thomas at the Adam and Eve in Little Britain$d1659 215 $a[1+] p 300 $aA fragment; title page only. 300 $aReproduction of original in the British Library. 330 $aeebo-0018 607 $aGreat Britain$xPolitics and government$y1649-1660$vEarly works to 1800 607 $aGreat Britain$xHistory$yCommonwealth and Protectorate, 1649-1660$vEarly works to 1800 608 $aTitle pages$zEngland$y17th cent. 700 $aPrynne$b William$f1600-1669.$0198500 801 0$bCu-RivES 801 1$bCu-RivES 801 2$bCStRLIN 801 2$bCu-RivES 906 $aBOOK 912 $a996384929503316 996 $aA short, legal, medicinal, usefull, safe, easie prescription, to recover our kingdom, Church, nation from their present dangerous, distractive, destructive confusion, and worse than Bedlam madnesse$92363341 997 $aUNISA